Стипендіати фонду "Поміч Україні" при Суспільній службі українців Монреаля. 1999–2003 роки (Запис № 439410)

МАРК-запис
000 -Лідер
fixed length control field 01015nam a22002417a 4500
001 - Контрольний номер
control field 40907
003 - Ідентифікатор контрольного номера
control field UA-OsUOA
005 - Дата та час останнього входження (трансакції)
control field 20260310115445.0
007 - Фіксоване поле фізичного опису
fixed length control field ta
008 - Елементи даних фіксованої довжини – загальна інформація
fixed length control field 20080703b un ||||| |||| 00| 0 ukr d
040 ## - Джерело каталогізації
Агенція оригінальної каталогізації UA-OsUOA
Мова каталогізації ukr
Агенція, яка здійснювала перезапис UA-OsUOA
Агенція, яка здійснювала модифікацію UA-OsUOA
041 ## - Код мови
Код мови тексту/ звукової доріжки чи окремого заголовка (П) ukr
080 ## - Індекс Універсальної десяткової класифікації
Індекс Універсальної десяткової класифікації (УДК) (НП) 94(477).152
090 ## - Локальний шифр розміщення
Класифікаційний індекс УДК 94(477).152
Авторський знак (НП) С80
245 ## - Відомості про назву
Назва (НП) Стипендіати фонду "Поміч Україні" при Суспільній службі українців Монреаля. 1999–2003 роки
Решта назви (НП) фотоальбом
Дані про відповідальність (НП) упоряд. Адольф Гладилович
260 ## - Публікація, розповсюдження і т.п. (Вихідні дані)
Місце публікації, розповсюдження і т.п. (П) Монреаль
Дата публікації, розповсюдження і т.п. (П) 2003
Ім’я/ наймення видавництва, розповсюджувача і т.п. (П) Комітет Фонду "Поміч Україні" при Суспільній службі українців Монреаля
300 ## - Фізичний опис
Обсяг 85 с.
650 #7 - Додаткове предметне введення – тематичний термін
Тематичний термін чи географічна назва, як елемент введення (НП) 94(477).15 Українці за межами України
Джерело заголовка чи терміна UDC
9 (RLIN) 1446
942 ## - Додаткові елементи входу (Коха)
Тип елемента Koha Книги
Source of classification or shelving scheme Universal Decimal Classification
955 ## - Код типу видання за змістом
Код типу видання за змістом (НП) Літературно-художні видання
Фонди
Стан вилучень Стан втрат Джерело класифікації або схеми стелажів Стан уражень Не для кредиту Постійне місце розташування Поточне розміщення Дата придбання Джерело придбання Вартість, звичайна ціна покупки Інвентарний номер Усього замовленно Повний номер виклику Штрих-код Дата останнього перегляду Ціна ефективна від Тип елемента Koha Примітка, призначена для загального доступу Вартість, ціна заміни
    Universal Decimal Classification     Наукова бібліотека ІДУД Наукова бібліотека ІДУД 03/07/2008 165/2008 1.00 2129258   94(477).152 С80 2129258 15/09/2019 03/07/2008 Книги Книгу отримано в дар від Лесі Храпливої-Щур  
    Universal Decimal Classification     Наукова бібліотека ІДУД Наукова бібліотека ІДУД 17/03/2025 №1/16.01.2025 (ІДУД) 1.00 300089   94(477).152:089 С80 300089 17/03/2025 17/03/2025 Книги Книгу отримано в дар від А. Гладиловича 1.00